| 000 | 00991cam a2200265Ia 4500 | ||
|---|---|---|---|
| 001 | sjds42672821 | ||
| 003 | sjds | ||
| 005 | 20221226093505.0 | ||
| 008 | 991020s1998 sp a j 000 0 spa d | ||
| 020 | _a8426129110 | ||
| 020 | _a9788426129116 | ||
| 040 |
_aLPU _cLPU _dOCL _dCSP |
||
| 041 | 1 |
_aspa _hfre |
|
| 100 | 1 | _aAntoine, Heloise. | |
| 245 | 1 | 3 |
_aEl gran libro de los pequenos curiosos / _cidea, Heloise Antoine ; ilustracion, Ingrid Godon ; [traduccion de Christianne Scheurer]. |
| 250 | _a3. ed. | ||
| 260 |
_a[Barcelona] : _bJuventud, _c1998. |
||
| 300 |
_a1 v. (unpaged) : _bcol. ill. ; _c25 cm. |
||
| 500 | _aTranslation of: Le grand catalogue des petits curieux. | ||
| 520 | _aA thematic listing of words for everyday objects with accompanying illustrations of those objects and a young boy and girl engaged in activity related to each theme. | ||
| 650 | 1 |
_aSpanish language _xVocabulary. |
|
| 700 | 1 | _aGodon, Ingrid. | |
| 700 | 1 | _aScheurer, Christianne. | |
| 942 | _cBK | ||
| 999 |
_c27627 _d27627 |
||